| 000 | 00421nam a2200133 4500 | ||
|---|---|---|---|
| 999 |
_c514974 _d514974 |
||
| 082 | _aTNC AB45 D459 | ||
| 100 |
_aDevi, Amritaswarupananda _920006 |
||
| 245 | _aMay your hearts blossom | ||
| 260 |
_aChicago _bParliament of World's Religions _c1993 |
||
| 300 | _a62p. | ||
| 650 |
_aAmritanandamayi, -- Mata, -- 1953- -- _920171 |
||
| 650 |
_aHindus -- India -- Kerala _920172 |
||
| 650 |
_aSpiritual life -- Hinduism _920173 |
||